000
00249nmm a2200085Ia 4500
008
220120s9999||||xx |||||||||||||||||und||
100
_a
Digit
245
0
_a
Digit-Dec : Fedora 16, over 2.5gb of full games
260
_a
Nine dot nine interactive ltd.
_c
2011
999
_c
139708
_d
139708